Patagonia : programa regional de investigación y desarrollo en recursos mineros.

Guardado en:
Autor Corporativo: Argentina. Secretaría de Planeamiento. Subsecretaría de Ciencia y Tecnología.
Formato: Libro
Idioma:Spanish
Publicado: Buenos Aires : SUBCYT, 1983.
Etiquetas: Agregar Etiqueta
Sin Etiquetas, Sea el primero en etiquetar este registro!
LEADER 00511nam a22001335a 4500
001 EEA.libagro003757
005 20190516121330.0
008 130809s1983####ag#a##########000#0#spa#d
082 0 4 |a 333.85 
110 2 |a Argentina.  |b Secretaría de Planeamiento.  |b Subsecretaría de Ciencia y Tecnología. 
245 1 0 |a Patagonia :  |b programa regional de investigación y desarrollo en recursos mineros. 
260 |a Buenos Aires :  |b SUBCYT,  |c 1983. 
300 |a 50 p. :  |b il. ;  |c 29 cm. 
859 |a AR-BbBCA  |b BIB. AGRONOMIA  |h 333.85  |i A691  |p 1988/0994